Bulletin of the Bingham Oceanographic Collection.

Bibliographic Details
New Title:Bulletin (Peabody Museum of Natural History)
Corporate Authors: Bingham Oceanographic Collection, Bingham Oceanographic Foundation, Bingham Oceanographic Laboratory
Format: Journal
Language:English
Published: [New York, N.Y.] : The Collection, 1927-1967.
Subjects:
Online Availability: Check for online availability

MARC

Tag First Indicator Second Indicator Subfields
LEADER 00000cas a2200000 a 4500
001 in00000099015
005 20150926125553.0
008 751101d19271967nyu x1p 0 a0eng
010 |a  40025813   |z sn 88028441  
019 |a 3112426 
022 0 |a 0097-1375 
035 |a (OCoLC)01770291 
035 |9 AAL3696AM 
040 |a DLC  |c MUL  |d IUL  |d NYG  |d OCL  |d DLC  |d NST  |d NSD  |d NST  |d DLC  |d OCLCQ  |d UtOrBLW 
042 |a lcd  |a nsdp  |a premarc 
049 |a TXAM 
050 0 0 |a QL121.A1  |b Y32 
210 0 |a Bull. Bingham Oceanogr. Collect. 
222 0 |a Bulletin of the Bingham Oceanographic Collection 
245 0 0 |a Bulletin of the Bingham Oceanographic Collection. 
264 1 |a [New York, N.Y.] :  |b The Collection,  |c 1927-1967. 
300 |a 19 volumes :  |b illustrations, maps ;  |c 25 cm. 
310 |a Irregular 
336 |a text  |b txt  |2 rdacontent 
337 |a unmediated  |b n  |2 rdamedia 
338 |a volume  |b nc  |2 rdacarrier 
362 0 |a Vol. 1, article 1 (Oct. 19,1927)-v. 19, art. 2 (Apr. 1967). 
500 |a Title from cover. 
500 |a Each number has also a distinctive title. 
515 |a Some numbers issued out of chronological order. 
550 |a Imprint varies: issued Oct. 1927-Dec. 1927 in New York by the Bingham Oceanographic Collection; issued Mar. 1928-Dec. 1928 in New Haven, Conn. by the Collection at the Peabody Museum of Natural History, Yale University; issued July 1930-June 1941 by the Bingham Oceanographic Foundation at the Peabody Museum of Natural History, Yale University; issued July 1942-Apr. 1967 by the Bingham Oceanographic Laboratory at the Peabody Museum of Natural History, Yale University. 
580 |a Absorbed in 1968 by: Bulletin (Peabody Museum of Natural History). 
650 0 |a Marine biology  |v Periodicals. 
710 2 |a Bingham Oceanographic Collection. 
710 2 |a Bingham Oceanographic Foundation. 
710 2 |a Bingham Oceanographic Laboratory. 
785 1 4 |t Bulletin (Peabody Museum of Natural History)  |x 0079-032X  |w (DLC)gs 26000228  |w (OCoLC)1674406 
850 |a DLC  |a N  |a NcD  |a NjR 
994 |a E0  |b TXA 
949 |a updated  |b h  |c 2004/12/4  |e coplinger  |f 5:49:14 pm 
999 |a MARS 
999 f f |s a55137c0-622f-3fc9-a1db-c54ac7695784  |i 6d8d8e2a-83af-3aac-858f-d3e0e35d085b  |t 0 
952 f f |p ric  |a Texas A&M University  |b Rellis Campus  |c Joint Library Facility  |s JLF  |d Remote Storage  |t 0  |e QL121.A1 Y32  |h Library of Congress classification  |i unmediated -- volume  |k v.3:art.7  |m A14831661111 
952 f f |a Texas A&M University  |b Rellis Campus  |c Joint Library Facility  |d Remote Storage  |e QL121.A1 Y32  |h Library of Congress classification  |i unmediated -- volume  |k v.3:art.5  |l 1932:Dec.  |m A14819394015  |p ric  |s JLF  |t 0 
952 f f |p normal  |a Texas A&M University  |b Rellis Campus  |c Joint Library Facility  |s JLF  |d Remote Storage  |t 0  |e QL121.A1 Y32  |h Library of Congress classification  |i unmediated -- volume  |m A14806405475 
952 f f |a Texas A&M University  |b Rellis Campus  |c Joint Library Facility  |d Remote Storage  |e QL121.A1 Y32  |h Library of Congress classification  |i unmediated -- volume  |k v.14  |l 1952/1954  |m A14812145261  |p ric  |s JLF  |t 0 
952 f f |a Texas A&M University  |b Rellis Campus  |c Joint Library Facility  |d Remote Storage  |e QL121.A1 Y32  |h Library of Congress classification  |i unmediated -- volume  |k v.4  |l 1931  |m A14818735284  |p ric  |s JLF  |t 0 
952 f f |a Texas A&M University  |b Rellis Campus  |c Joint Library Facility  |d Remote Storage  |e QL121.A1 Y32  |h Library of Congress classification  |i unmediated -- volume  |k v.11  |l 1947/1948  |m A14852802587  |p ric  |s JLF  |t 0 
952 f f |a Texas A&M University  |b Rellis Campus  |c Joint Library Facility  |d Remote Storage  |e QL121.A1 Y32  |h Library of Congress classification  |i unmediated -- volume  |k v.5:art.2 -3,v.5.:art.5  |l 1936  |m A14830100722  |p ric  |s JLF  |t 0 
952 f f |a Texas A&M University  |b Rellis Campus  |c Joint Library Facility  |d Remote Storage  |e QL121.A1 Y32  |h Library of Congress classification  |i unmediated -- volume  |k v.15  |l 1956  |m A14812139896  |p ric  |s JLF  |t 0 
952 f f |a Texas A&M University  |b Rellis Campus  |c Joint Library Facility  |d Remote Storage  |e QL121.A1 Y32  |h Library of Congress classification  |i unmediated -- volume  |k v.19  |l 1964/1967  |m A14852802363  |p ric  |s JLF  |t 0 
952 f f |a Texas A&M University  |b Rellis Campus  |c Joint Library Facility  |d Remote Storage  |e QL121.A1 Y32  |h Library of Congress classification  |i unmediated -- volume  |k v.1:art.1  |l 1925  |m A14833707507  |p ric  |s JLF  |t 0 
952 f f |a Texas A&M University  |b Rellis Campus  |c Joint Library Facility  |d Remote Storage  |e QL121.A1 Y32  |h Library of Congress classification  |i unmediated -- volume  |k v.8  |l 1942/1943  |m A14852802462  |p ric  |s JLF  |t 0 
952 f f |a Texas A&M University  |b Rellis Campus  |c Joint Library Facility  |d Remote Storage  |e QL121.A1 Y32  |h Library of Congress classification  |i unmediated -- volume  |k v.10  |l 1946/1947  |m A14813842044  |p ric  |s JLF  |t 0 
952 f f |a Texas A&M University  |b Rellis Campus  |c Joint Library Facility  |d Remote Storage  |e QL121.A1 Y32  |h Library of Congress classification  |i unmediated -- volume  |k v.9  |l 1944/1946  |m A14852802454  |p ric  |s JLF  |t 0 
952 f f |a Texas A&M University  |b Rellis Campus  |c Joint Library Facility  |d Remote Storage  |e QL121.A1 Y32  |h Library of Congress classification  |i unmediated -- volume  |k v.16  |l 1956/1957  |m A14852802355  |p ric  |s JLF  |t 0 
952 f f |a Texas A&M University  |b Rellis Campus  |c Joint Library Facility  |d Remote Storage  |e QL121.A1 Y32  |h Library of Congress classification  |i unmediated -- volume  |k v.6:art.1 -v.6.:art.7  |l 1937-1937  |m A14820313909  |p ric  |s JLF  |t 0 
952 f f |a Texas A&M University  |b Rellis Campus  |c Joint Library Facility  |d Remote Storage  |e QL121.A1 Y32  |h Library of Congress classification  |i unmediated -- volume  |k v.7  |l 1939/1941  |m A14852802561  |p ric  |s JLF  |t 0 
952 f f |a Texas A&M University  |b Rellis Campus  |c Joint Library Facility  |d Remote Storage  |e QL121.A1 Y32  |h Library of Congress classification  |i unmediated -- volume  |k v.12  |l 1948/1949  |m A14812174155  |p ric  |s JLF  |t 0 
952 f f |p ric  |a Texas A&M University  |b Rellis Campus  |c Joint Library Facility  |s JLF  |d Remote Storage  |t 0  |e QL121.A1 Y32  |h Library of Congress classification  |i unmediated -- volume  |k v.2:art.3-6  |m A14831502993 
952 f f |a Texas A&M University  |b Rellis Campus  |c Joint Library Facility  |d Remote Storage  |e QL121.A1 Y32  |h Library of Congress classification  |i unmediated -- volume  |k v.17  |l 1959/1961  |m A14852802470  |p ric  |s JLF  |t 0 
952 f f |a Texas A&M University  |b Rellis Campus  |c Joint Library Facility  |d Remote Storage  |e QL121.A1 Y32  |h Library of Congress classification  |i unmediated -- volume  |k v.3:art.4  |l 1930:July  |m A14819393988  |p ric  |s JLF  |t 0 
952 f f |a Texas A&M University  |b Rellis Campus  |c Joint Library Facility  |d Remote Storage  |e QL121.A1 Y32  |h Library of Congress classification  |i unmediated -- volume  |k v.13  |l 1951/1952  |m A14852802579  |p ric  |s JLF  |t 0 
952 f f |a Texas A&M University  |b Rellis Campus  |c Joint Library Facility  |d Remote Storage  |e QL121.A1 Y32  |h Library of Congress classification  |i unmediated -- volume  |k v.18  |l 1962/1963  |m A14852802348  |p ric  |s JLF  |t 0 
998 f f |a QL121.A1 Y32  |s v.7-19  |t 0  |l Remote Storage